[Event "M.Botvinnik Memorial 2012"]
[Site "St. Petersburg, Russia"]
[Date "2012.08.26"]
[Round "2.97"]
[White "Toporkova, Sofia"]
[Black "Bogachkova, Alena"]
[Result "0-1"]
[WhiteElo "1729"]
[BlackElo "2086"]
[PlyCount "146"]
[EventDate "2012.08.25"]

1. e4 c5 2. Nf3 Nc6 3. d4 cxd4 4. Nxd4 e5 5. Nb5 d6 6. N1c3 a6 7. Na3 b5 8. Nd5
Nce7 9. c4 Nxd5 10. exd5 bxc4 11. Nxc4 f5 12. Bd2 Bb7 13. Qa4+ Kf7 14. Ba5 Qe8
15. Qb3 Qb8 16. Nb6 Ra7 17. Nd7 Qc8 18. Nxf8 Qxf8 19. Qb6 Qb8 20. Bb4 Ra8 21.
Bxd6 Qc8 22. Rd1 Nf6 23. Bxe5 Re8 24. f4 Bxd5 25. Be2 Qc2 26. Rd2 Qc1+ 27. Rd1
Qc2 28. Rd2 Qe4 29. Rg1 Rxe5 30. fxe5 Qxe5 31. Qd4 Qxh2 32. Bc4 Qg3+ 33. Kd1
Bxc4 34. Qxc4+ Kg6 35. Qc6 Rb8 36. Qxa6 Qg4+ 37. Qe2 Qa4+ 38. b3 Qc6 39. Rf1
Ne4 40. Qf3 Nc3+ 41. Kc2 Ne4+ 42. Kd1 Qf6 43. g4 Qa1+ 44. Ke2 Qxf1+ 45. Qxf1
Ng3+ 46. Kf2 Nxf1 47. Kxf1 fxg4 48. Kg2 h5 49. Kg3 Rb5 50. Kh4 Kh6 51. Rd6+ g6
52. Rc6 Rd5 53. Rc3 Rd4 54. Kg3 g5 55. Rc6+ Kg7 56. Rc7+ Kf6 57. Rc6+ Ke5 58.
Rc5+ Rd5 59. Rxd5+ Kxd5 60. a4 Kc5 61. a5 Kb5 62. b4 Ka6 63. Kg2 h4 64. Kh2 g3+
65. Kh3 Kb5 66. Kg2 g4 67. Kh1 h3 68. Kg1 g2 69. Kh2 g3+ 70. Kg1 Ka6 71. b5+
Kxb5 72. a6 h2+ 73. Kxg2 Kxa6 0-1

[Event "M.Botvinnik Memorial 2012"]
[Site "St. Petersburg, Russia"]
[Date "2012.08.26"]
[Round "2.98"]
[White "Zarivkina, Victorya"]
[Black "Gusev, Boris"]
[Result "1-0"]
[WhiteElo "2072"]
[BlackElo "1724"]
[PlyCount "69"]
[EventDate "2012.08.25"]

1. e4 e5 2. Nc3 Nc6 3. g3 d6 4. Bg2 Nf6 5. h3 Bd7 6. Nge2 Nd4 7. d3 c5 8. Bg5
Be7 9. O-O Bc6 10. Qd2 O-O 11. a4 h6 12. Be3 d5 13. f3 Nxe2+ 14. Nxe2 d4 15.
Bf2 Nh5 16. f4 exf4 17. gxf4 Bh4 18. Qe1 Bxf2+ 19. Qxf2 Nf6 20. Kh1 Qd7 21. Ng3
g6 22. Rg1 Kh7 23. f5 g5 24. e5 Bxg2+ 25. Qxg2 Nd5 26. Qe4 Ne3 27. e6 Qc6 28.
e7 Rfe8 29. f6+ Qxe4+ 30. Nxe4 b6 31. c3 Rac8 32. cxd4 Rc6 33. dxc5 Kg6 34. Nd6
Rec8 35. Nxc8 1-0

[Event "M.Botvinnik Memorial 2012"]
[Site "St. Petersburg, Russia"]
[Date "2012.08.26"]
[Round "2.99"]
[White "Svidinsky, Dmitry"]
[Black "Levdansky, Alexey"]
[Result "1-0"]
[WhiteElo "2064"]
[BlackElo "1716"]
[PlyCount "37"]
[EventDate "2012.08.25"]

1. e4 c5 2. Nf3 Nc6 3. d4 cxd4 4. Nxd4 g6 5. Nc3 Bg7 6. Be3 Nf6 7. Bc4 O-O 8.
Bb3 d6 9. f3 Bd7 10. Qd2 Rc8 11. O-O-O a6 12. h4 b5 13. Nxc6 Bxc6 14. h5 a5 15.
hxg6 hxg6 16. Bh6 Nh5 17. Bxg7 Kxg7 18. Rxh5 gxh5 19. Qg5+ 1-0

[Event "M.Botvinnik Memorial 2012"]
[Site "St. Petersburg, Russia"]
[Date "2012.08.26"]
[Round "2.100"]
[White "Shakirova, Renata"]
[Black "Rassokhina, Ekaterina"]
[Result "0-1"]
[WhiteElo "1722"]
[BlackElo "2062"]
[PlyCount "76"]
[EventDate "2012.08.25"]

1. e4 c5 2. Nf3 e6 3. d4 cxd4 4. Nxd4 a6 5. Nc3 Qc7 6. Be3 Bb4 7. Qd2 Nf6 8.
Bd3 d5 9. e5 Qxe5 10. a3 Ba5 11. O-O Bc7 12. g3 Qd6 13. Bf4 Qd7 14. Rfe1 Nc6
15. Nf5 Rg8 16. Bg5 Bd8 17. Qf4 Nh5 18. Qh4 g6 19. Nh6 Rf8 20. g4 Nf4 21. Bxd8
Qxd8 22. Qxd8+ Kxd8 23. Rad1 Kc7 24. Bf1 f5 25. g5 d4 26. Ne2 Nxe2+ 27. Bxe2 e5
28. Bc4 e4 29. Bg8 Ne5 30. Kg2 Nf3 31. Re2 Bd7 32. Bxh7 Rh8 33. Bg8 Raxg8 34.
Nxg8 Rxh2+ 35. Kg3 f4+ 36. Kxf4 Rh4+ 37. Kg3 Rg4+ 38. Kh3 Rg1# 0-1

[Event "M.Botvinnik Memorial 2012"]
[Site "St. Petersburg, Russia"]
[Date "2012.08.26"]
[Round "2.101"]
[White "Potyavin, Igor"]
[Black "Sokolov, Ilia"]
[Result "1-0"]
[WhiteElo "2053"]
[BlackElo "1712"]
[PlyCount "93"]
[EventDate "2012.08.25"]

1. d4 Nf6 2. c4 g6 3. Nc3 Bg7 4. e4 d6 5. f3 O-O 6. Be3 Nc6 7. Nge2 e5 8. d5
Ne7 9. Qd2 Ne8 10. g4 f5 11. gxf5 gxf5 12. O-O-O f4 13. Bf2 Ng6 14. c5 Nh4 15.
Qd3 Qg5 16. Kb1 Qh5 17. Ng1 b6 18. Bxh4 Qxh4 19. c6 Rf6 20. Qd2 Rg6 21. Qe1 Qh5
22. Rd2 Bf6 23. Rg2 Bh4 24. Qd2 a5 25. Rxg6+ hxg6 26. Qg2 g5 27. Nh3 Kf7 28.
Rg1 Kf6 29. Be2 Ng7 30. Kc2 Bg3 31. Nxg5 Qxh2 32. Qxh2 Bxh2 33. Rh1 Bg3 34. Nh3
Rb8 35. Ng1 Bf2 36. Bd3 Kg6 37. Nge2 Nh5 38. Nb5 Ba6 39. Nxc7 Bxd3+ 40. Kxd3
Ng3 41. Rh2 Be3 42. Rg2 Kh5 43. Nxg3+ fxg3 44. Rxg3 Bf2 45. Rg2 Be1 46. Nb5 Bb4
47. Rg7 1-0

[Event "M.Botvinnik Memorial 2012"]
[Site "St. Petersburg, Russia"]
[Date "2012.08.26"]
[Round "2.102"]
[White "Sorokina, Svetlana"]
[Black "Trapeznikova, Darya"]
[Result "0-1"]
[WhiteElo "1713"]
[BlackElo "2050"]
[PlyCount "96"]
[EventDate "2012.08.25"]

1. d4 d5 2. c4 e6 3. Nc3 c6 4. Nf3 dxc4 5. e4 b5 6. a4 Bb4 7. Bd2 Nf6 8. Qc2
Bb7 9. Bg5 h6 10. Bxf6 Qxf6 11. Be2 O-O 12. O-O a6 13. Rfd1 Nd7 14. d5 exd5 15.
exd5 cxd5 16. Nxd5 Bxd5 17. Rxd5 Nb6 18. Rf5 Qg6 19. axb5 axb5 20. Rc1 Rfd8 21.
g3 Rd5 22. Rxd5 Qxc2 23. Rxc2 Nxd5 24. Nd4 Nc7 25. Bf3 Ra1+ 26. Kg2 Ra2 27. Bc6
c3 28. b3 Rxc2 29. Nxc2 Bd6 30. Kf3 b4 31. Ke4 Kf8 32. Kd4 Ke7 33. Be4 Nb5+ 34.
Kc4 Na3+ 35. Kd5 Nxc2 36. Bxc2 g6 37. h3 f5 38. g4 fxg4 39. hxg4 h5 40. Bxg6 h4
41. Kc4 h3 42. Kd3 Kf6 43. Be4 Kg5 44. Bh1 Kxg4 45. Bd5 Bc5 46. Be6+ Kh4 47. f4
Kg3 48. f5 Kg2 0-1

[Event "M.Botvinnik Memorial 2012"]
[Site "St. Petersburg, Russia"]
[Date "2012.08.26"]
[Round "2.103"]
[White "Petrochenko, Maria"]
[Black "Yakovlev, Yuri S"]
[Result "0-1"]
[WhiteElo "1694"]
[BlackElo "2035"]
[PlyCount "58"]
[EventDate "2012.08.25"]

1. d4 d5 2. c4 c6 3. Nf3 Nf6 4. Qc2 Bg4 5. Ne5 e6 6. Nxg4 Nxg4 7. h3 Nf6 8. e3
Ne4 9. Bd3 f5 10. O-O Bd6 11. Nc3 O-O 12. b3 Qh4 13. Nxe4 fxe4 14. Be2 Rf6 15.
Bg4 h5 16. Bd1 g5 17. Qe2 g4 18. Kh1 Rf3 19. Kg1 gxh3 20. g3 Qg5 21. Qd2 Rf5
22. Kh1 Nd7 23. Rg1 Raf8 24. Qe2 Nf6 25. Bd2 Ng4 26. Be1 Rxf2 27. Bxf2 Rxf2 28.
Qxf2 Nxf2+ 29. Kh2 h4 0-1

[Event "M.Botvinnik Memorial 2012"]
[Site "St. Petersburg, Russia"]
[Date "2012.08.26"]
[Round "2.104"]
[White "Safronov, Kirill"]
[Black "Bezobrazov, Lev"]
[Result "0-1"]
[WhiteElo "2034"]
[BlackElo "1675"]
[PlyCount "69"]
[EventDate "2012.08.25"]

1. e4 Nf6 2. Nc3 d5 3. e5 d4 4. exf6 dxc3 5. fxg7 cxd2+ 6. Qxd2 Qxd2+ 7. Bxd2
Bxg7 8. O-O-O a6 9. Nf3 Nd7 10. Bc4 e6 11. Bf4 c6 12. Rhe1 Nb6 13. Bg5 Bd7 14.
Bb3 c5 15. Be3 Rc8 16. Rd6 c4 17. Bxb6 cxb3 18. axb3 Ke7 19. Red1 Bc6 20. R6d3
Bd5 21. Kb1 Rc6 22. Bd4 Bxf3 23. Rxf3 Rd8 24. Rfd3 Bxd4 25. Rxd4 Rxd4 26. Rxd4
e5 27. Rh4 h6 28. Kc1 Rd6 29. Rh5 Re6 30. Kd2 b5 31. Ke3 Kd6 32. Rf5 Ke7 33.
Ke4 f6 34. Rh5 Kd6 35. Rxh6 0-1

[Event "M.Botvinnik Memorial 2012"]
[Site "St. Petersburg, Russia"]
[Date "2012.08.26"]
[Round "2.105"]
[White "Klimshin, Ilia"]
[Black "Mikhailov, Ivan"]
[Result "0-1"]
[WhiteElo "1678"]
[BlackElo "2026"]
[PlyCount "58"]
[EventDate "2012.08.25"]

1. e4 c5 2. Nf3 e6 3. d4 cxd4 4. Nxd4 Nc6 5. Nxc6 bxc6 6. Nc3 d5 7. exd5 cxd5
8. Bb5+ Bd7 9. Qe2 Nf6 10. O-O Be7 11. Bf4 O-O 12. Bd3 Qb6 13. Be5 Bc6 14. b3
Nd7 15. Bf4 Bf6 16. Bd2 Qc5 17. b4 Qb6 18. Rab1 e5 19. Bf5 Rad8 20. Qg4 Qc7 21.
Rfe1 Nb6 22. Bg5 Bxg5 23. Qxg5 f6 24. Qd2 g6 25. Be6+ Kg7 26. Bh3 Rfe8 27. Re2
f5 28. Rbe1 d4 29. b5 Bd7 0-1

[Event "M.Botvinnik Memorial 2012"]
[Site "St. Petersburg, Russia"]
[Date "2012.08.26"]
[Round "2.106"]
[White "Klukin, Kirill"]
[Black "Oxener, Aldo"]
[Result "1-0"]
[WhiteElo "2025"]
[BlackElo "1513"]
[PlyCount "59"]
[EventDate "2012.08.25"]

1. d4 d5 2. c4 e6 3. Nc3 Bb4 4. cxd5 exd5 5. Nf3 Nf6 6. Bg5 Nc6 7. e3 Bg4 8.
Bd3 Qd6 9. O-O a6 10. Bf4 Qd7 11. Qc2 Bxf3 12. Bf5 Qe7 13. gxf3 O-O 14. Bg5
Bxc3 15. Qxc3 Rfe8 16. Kh1 h6 17. Bh4 Qd6 18. Qc5 Rad8 19. Qxd6 cxd6 20. Rg1 g5
21. f4 Ne4 22. fxg5 hxg5 23. Bxe4 dxe4 24. Rxg5+ Kf8 25. Rh5 Ne7 26. Rg1 f5 27.
Rh8+ Kf7 28. Rh7+ Kf8 29. Rgg7 Rd7 30. Rf7+ 1-0

[Event "M.Botvinnik Memorial 2012"]
[Site "St. Petersburg, Russia"]
[Date "2012.08.26"]
[Round "2.107"]
[White "Turetsky, Mark"]
[Black "Opanasenko, Mikhail"]
[Result "0-1"]
[WhiteElo "1659"]
[BlackElo "2016"]
[PlyCount "70"]
[EventDate "2012.08.25"]

1. Nf3 Nf6 2. c4 e6 3. d4 b6 4. g3 Ba6 5. b3 d5 6. cxd5 exd5 7. Bg2 Bb4+ 8. Bd2
Bd6 9. O-O O-O 10. Nc3 Bb7 11. Bg5 Nbd7 12. Rc1 a6 13. Ne1 Qe8 14. Bxf6 Nxf6
15. Nd3 Qe7 16. e3 Ne4 17. Nxe4 dxe4 18. Nb2 b5 19. Qc2 Rae8 20. Nd1 f5 21. Nc3
h5 22. h4 g5 23. hxg5 Qxg5 24. Ne2 h4 25. Nf4 Rf7 26. Nh3 Qg6 27. Nf4 Bxf4 28.
exf4 hxg3 29. fxg3 Qxg3 30. Qf2 Qg4 31. Qe3 Rg7 32. Rc2 Re6 33. Qe2 Qxe2 34.
Rxe2 Rd6 35. Rd1 c5 0-1

[Event "M.Botvinnik Memorial 2012"]
[Site "St. Petersburg, Russia"]
[Date "2012.08.27"]
[Round "3.1"]
[White "Areshchenko, Alexander"]
[Black "Belozerov, Andrei"]
[Result "1-0"]
[WhiteElo "2691"]
[BlackElo "2504"]
[PlyCount "149"]
[EventDate "2012.08.25"]

1. e4 c5 2. Nf3 Nc6 3. Bb5 g6 4. Bxc6 bxc6 5. O-O Bg7 6. Re1 Nf6 7. e5 Nd5 8.
c4 Nc7 9. d4 cxd4 10. Qxd4 O-O 11. Qh4 f6 12. exf6 exf6 13. Bd2 Ne6 14. Bc3 g5
15. Qe4 d5 16. cxd5 cxd5 17. Qe3 Re8 18. Nd4 Bd7 19. Nd2 Nf4 20. Qf3 h5 21. g3
Bg4 22. Rxe8+ Qxe8 23. Qh1 Nh3+ 24. Kg2 Qa4 25. f3 Bd7 26. Qd1 Qxd1 27. Rxd1 g4
28. Re1 Bf8 29. f4 Kf7 30. N2b3 Bd6 31. Nc1 Rc8 32. Nd3 Rc4 33. Rc1 Kg6 34. b3
Rc8 35. Bd2 Rxc1 36. Nxc1 Bf5 37. Nce2 Be4+ 38. Kf1 Bd3 39. Be3 a6 40. Ke1 Bb4+
41. Kd1 Kf7 42. Nc6 Bd6 43. Kd2 Be4 44. Kc3 Ke6 45. Nb4 a5 46. Nc6 Bc7 47.
Ncd4+ Kd7 48. Nb5 Bd8 49. a3 Be7 50. b4 axb4+ 51. axb4 Bg2 52. Nbd4 Bf1 53. Nc1
Ba6 54. Ncb3 Bc8 55. Nc5+ Kc7 56. Kb3 f5 57. Nce6+ Kb7 58. Ng7 Bf6 59. Ngxf5
Kc7 60. Nb5+ Kd7 61. Nc3 h4 62. Nd4 Kd6 63. Ndb5+ Kc6 64. Na7+ Kb7 65. Nxc8 d4
66. Nd6+ Kc6 67. Nde4 Bh8 68. Bc1 dxc3 69. Be3 Kd5 70. Nxc3+ Bxc3 71. Kxc3 Ke4
72. Kd2 Kf3 73. f5 Kg2 74. f6 Kxh2 75. gxh4 1-0

[Event "M.Botvinnik Memorial 2012"]
[Site "St. Petersburg, Russia"]
[Date "2012.08.27"]
[Round "3.2"]
[White "Tiviakov, Sergei"]
[Black "Neverov, Valeriy"]
[Result "1/2-1/2"]
[WhiteElo "2674"]
[BlackElo "2502"]
[PlyCount "81"]
[EventDate "2012.08.25"]

1. e4 c5 2. Nc3 Nc6 3. Nge2 e5 4. Nd5 Nge7 5. Nec3 Nxd5 6. Nxd5 Be7 7. Bc4 O-O
8. O-O d6 9. d3 Bg5 10. f4 exf4 11. Bxf4 Ne5 12. Bxe5 dxe5 13. Kh1 Kh8 14. Qe2
Qd6 15. Ne3 Bxe3 16. Qxe3 Be6 17. b3 h6 18. Bxe6 fxe6 19. a4 Qd4 20. Qe2 Kg8
21. h4 Rf4 22. g3 Rxf1+ 23. Rxf1 Rf8 24. Rxf8+ Kxf8 25. h5 b6 26. Kg2 Qd8 27.
Qd2 Qe8 28. g4 Qe7 29. Kg3 Qf6 30. Qf2 Ke7 31. Qxf6+ Kxf6 32. Kh4 Kf7 33. g5
Ke7 34. Kg4 Kf7 35. Kh4 Ke7 36. Kg4 Kf7 37. Kh4 Ke7 38. Kg4 Kf7 39. Kh4 Ke7 40.
Kg4 Kf7 41. Kh4 1/2-1/2

[Event "M.Botvinnik Memorial 2012"]
[Site "St. Petersburg, Russia"]
[Date "2012.08.27"]
[Round "3.3"]
[White "Rogozenco, Dorian"]
[Black "Alekseev, Evgeny"]
[Result "0-1"]
[WhiteElo "2504"]
[BlackElo "2673"]
[PlyCount "76"]
[EventDate "2012.08.25"]

1. d4 Nf6 2. c4 e6 3. Nc3 Bb4 4. e3 O-O 5. Bd3 d5 6. Nf3 c5 7. O-O cxd4 8. exd4
dxc4 9. Bxc4 b6 10. Qe2 Bb7 11. Rd1 Bxc3 12. bxc3 Nbd7 13. Bd3 Re8 14. Bg5 Qc7
15. Rac1 h6 16. Bh4 Nh5 17. Bb5 Bc6 18. Bg3 Nxg3 19. hxg3 Rac8 20. a4 Red8 21.
Re1 Qd6 22. a5 bxa5 23. Bxc6 Qxc6 24. c4 a4 25. c5 Nb8 26. Qc4 Qd5 27. Qxd5
Rxd5 28. Rc4 Nc6 29. Rxa4 a5 30. Rb1 h5 31. Re1 g5 32. g4 hxg4 33. Ne5 Nxe5 34.
dxe5 Rcxc5 35. Rxg4 Rxe5 36. Rxe5 Rxe5 37. f4 Rf5 38. fxg5 Kg7 0-1

[Event "M.Botvinnik Memorial 2012"]
[Site "St. Petersburg, Russia"]
[Date "2012.08.27"]
[Round "3.4"]
[White "Zvjaginsev, Vadim"]
[Black "Rozum, Ivan"]
[Result "1-0"]
[WhiteElo "2671"]
[BlackElo "2500"]
[PlyCount "83"]
[EventDate "2012.08.25"]

1. e4 c5 2. Nf3 Nc6 3. Bb5 e6 4. O-O Nge7 5. Re1 a6 6. Bf1 d5 7. d3 h6 8. a4 g6
9. Nbd2 Bg7 10. Nb3 b6 11. a5 O-O 12. axb6 Qxb6 13. exd5 exd5 14. Be3 d4 15.
Bf4 Rd8 16. Nfd2 Be6 17. Rxe6 fxe6 18. Nc4 Qa7 19. Bd6 Nd5 20. Qg4 Qf7 21. Nxc5
Bf8 22. Ne4 Nf6 23. Nxf6+ Qxf6 24. Bc7 Rd7 25. Bg3 Raa7 26. Qe4 Rd5 27. Be2 h5
28. Bf3 Rc5 29. h4 e5 30. Qe2 Bg7 31. Re1 a5 32. Qd1 Qe6 33. Nd2 Nb4 34. Nc4 a4
35. Qd2 Nc6 36. Be4 Na5 37. Qb4 Bf8 38. Qxa4 Kh7 39. b4 Nc6 40. Qxa7+ Nxa7 41.
bxc5 Nc6 42. Ra1 1-0

[Event "M.Botvinnik Memorial 2012"]
[Site "St. Petersburg, Russia"]
[Date "2012.08.27"]
[Round "3.5"]
[White "Kabanov, Nikolai"]
[Black "Matlakov, Maxim"]
[Result "1/2-1/2"]
[WhiteElo "2501"]
[BlackElo "2663"]
[PlyCount "152"]
[EventDate "2012.08.25"]

1. e4 c5 2. Nf3 Nc6 3. Bb5 e6 4. O-O Nge7 5. Re1 a6 6. Bxc6 Nxc6 7. d4 cxd4 8.
Nxd4 d6 9. Nc3 Be7 10. Nxc6 bxc6 11. Qg4 g6 12. e5 d5 13. Na4 c5 14. b3 Bd7 15.
Nb2 h5 16. Qe2 a5 17. c4 d4 18. Nd3 a4 19. Rb1 axb3 20. axb3 Kf8 21. Bd2 Kg7
22. b4 cxb4 23. Bxb4 Bc6 24. Qb2 Ra4 25. Bxe7 Qxe7 26. Qxd4 Rd8 27. Qc5 Qxc5
28. Nxc5 Rxc4 29. Rbc1 Rxc1 30. Rxc1 Ba8 31. Re1 g5 32. f3 Kg6 33. Ne4 Bxe4 34.
Rxe4 Kf5 35. g4+ hxg4 36. Rxg4 Rh8 37. Ra4 Kxe5 38. Kg2 Kf5 39. h3 e5 40. Kg3
Rh4 41. Ra7 f6 42. Ra6 Rb4 43. Kg2 e4 44. fxe4+ Rxe4 45. Kf3 Rf4+ 46. Kg3 Rd4
47. Ra5+ Ke6 48. Ra8 Rd3+ 49. Kg4 Rd4+ 50. Kg3 f5 51. Rg8 Rd3+ 52. Kg2 Kf6 53.
Re8 Rc3 54. Rg8 Re3 55. Kh2 Re2+ 56. Kg3 f4+ 57. Kf3 Re3+ 58. Kg2 Rg3+ 59. Kh2
Kf5 60. Ra8 Re3 61. Kg2 Re2+ 62. Kf3 Re3+ 63. Kg2 Re6 64. Kf3 Re3+ 65. Kg2 Rd3
66. Ra5+ Ke4 67. Rxg5 Rd2+ 68. Kg1 Kf3 69. Rf5 Rd1+ 70. Kh2 Ke3 71. Kg2 Rd2+
72. Kg1 Kf3 73. Rf8 Rg2+ 74. Kf1 Rh2 75. Kg1 Rxh3 76. Ra8 Rg3+ 1/2-1/2

[Event "M.Botvinnik Memorial 2012"]
[Site "St. Petersburg, Russia"]
[Date "2012.08.27"]
[Round "3.6"]
[White "Timofeev, Artyom"]
[Black "Gavrilov, Alexei"]
[Result "1/2-1/2"]
[WhiteElo "2639"]
[BlackElo "2496"]
[PlyCount "135"]
[EventDate "2012.08.25"]

1. e4 e6 2. d4 d5 3. Nd2 c5 4. Ngf3 Nf6 5. e5 Nfd7 6. c3 Nc6 7. Bd3 Qb6 8. O-O
cxd4 9. cxd4 Nxd4 10. Nxd4 Qxd4 11. Nf3 Qb6 12. Qa4 Qb4 13. Qc2 Nc5 14. Bd2 Qa4
15. b3 Qd7 16. Nd4 Nxd3 17. Qxd3 b6 18. Rac1 a5 19. Qg3 Ba6 20. Rfe1 Rg8 21. f4
Ba3 22. Rc2 Rc8 23. Rxc8+ Qxc8 24. f5 Bb2 25. Be3 Bd3 26. Qh4 h6 27. Bf2 Qd7
28. a4 Bxf5 29. Nb5 d4 30. Nd6+ Kf8 31. Bxd4 Ba3 32. Bxb6 Bxd6 33. exd6 Qxd6
34. Qf2 Qd5 35. h3 f6 36. g4 Bg6 37. Rc1 Be4 38. Rc7 Qd1+ 39. Qf1 Qxf1+ 40.
Kxf1 Bd5 41. Bxa5 Bxb3 42. Bb4+ Ke8 43. a5 Kd8 44. Bd6 Bd5 45. Kf2 f5 46. Ke3
g5 47. Kd4 fxg4 48. hxg4 h5 49. gxh5 Rh8 50. Be5 Rxh5 51. Kc5 Rh4 52. Rg7 Rc4+
53. Kb5 g4 54. a6 Re4 55. Bd6 Re2 56. Rxg4 Kd7 57. Bb4 e5 58. a7 Ra2 59. Ba5 e4
60. Rg8 Bc6+ 61. Ka6 e3 62. Rg7+ Ke8 63. Kb6 e2 64. Be1 Bf3 65. Rg3 Bh1 66. Rg1
Bf3 67. Rg3 Bh1 68. Rg1 1/2-1/2

[Event "M.Botvinnik Memorial 2012"]
[Site "St. Petersburg, Russia"]
[Date "2012.08.27"]
[Round "3.7"]
[White "Cherniaev, Alexander"]
[Black "Lysyj, Igor"]
[Result "0-1"]
[WhiteElo "2486"]
[BlackElo "2624"]
[PlyCount "70"]
[EventDate "2012.08.25"]

1. d4 Nf6 2. c4 e6 3. g3 d5 4. Nf3 Be7 5. Bg2 O-O 6. O-O dxc4 7. Qc2 a6 8. Qxc4
b5 9. Qc2 Bb7 10. Bd2 Be4 11. Qc1 c6 12. Be3 Nbd7 13. Nc3 Bg6 14. Ne5 Nxe5 15.
dxe5 Nd5 16. Ne4 Bxe4 17. Bxe4 Qc7 18. Bxd5 exd5 19. Bf4 Qd7 20. Bg5 Rac8 21.
Bxe7 Qxe7 22. f4 f6 23. exf6 Rxf6 24. e3 Re6 25. Re1 c5 26. Qd2 Rd8 27. Rac1
Re4 28. Qc3 c4 29. Rcd1 b4 30. Qd2 Qc5 31. Qf2 Rde8 32. Kf1 c3 33. bxc3 bxc3
34. Rd3 Qb5 35. Qe2 Rxe3 0-1

[Event "M.Botvinnik Memorial 2012"]
[Site "St. Petersburg, Russia"]
[Date "2012.08.27"]
[Round "3.8"]
[White "Kalegin, Evgenij"]
[Black "Aleksandrov, Aleksej"]
[Result "0-1"]
[WhiteElo "2480"]
[BlackElo "2597"]
[PlyCount "74"]
[EventDate "2012.08.25"]

1. e4 e5 2. Nf3 Nc6 3. Bb5 Nf6 4. d3 d6 5. d4 Bd7 6. Nc3 exd4 7. Nxd4 Be7 8.
Bxc6 bxc6 9. Qd3 O-O 10. O-O Re8 11. h3 c5 12. Nf5 Bxf5 13. exf5 d5 14. Bg5 c6
15. b3 h6 16. Bh4 Qa5 17. Rae1 Qb4 18. Bg3 Bf8 19. Rxe8 Rxe8 20. Rd1 a5 21. Bc7
d4 22. Ne2 Nd5 23. Bg3 Qa3 24. Nc1 Qb2 25. Qd2 a4 26. bxa4 c4 27. Qxd4 Qxc2 28.
Kh2 Ba3 29. Qd2 Qxd2 30. Rxd2 Bxc1 31. Rc2 Ba3 32. Rxc4 c5 33. a5 Ra8 34. Ra4
Bb4 35. Be5 f6 36. Bb2 Rxa5 37. Rxa5 Bxa5 0-1

[Event "M.Botvinnik Memorial 2012"]
[Site "St. Petersburg, Russia"]
[Date "2012.08.27"]
[Round "3.9"]
[White "Bukavshin, Ivan"]
[Black "Maletin, Pavel"]
[Result "1-0"]
[WhiteElo "2476"]
[BlackElo "2587"]
[PlyCount "79"]
[EventDate "2012.08.25"]

1. e4 c6 2. d4 d5 3. Nd2 dxe4 4. Nxe4 Bf5 5. Ng3 Bg6 6. h4 h6 7. Nf3 Nd7 8. h5
Bh7 9. Bd3 Bxd3 10. Qxd3 e6 11. Bd2 Ngf6 12. O-O-O Qc7 13. Qe2 O-O-O 14. Ne5
Nb6 15. Ba5 Rd5 16. Bxb6 axb6 17. c4 Ra5 18. Kb1 Bd6 19. f4 Rd8 20. Rhe1 Kb8
21. Rd3 b5 22. c5 Bxe5 23. fxe5 Nd5 24. Qd2 Ra4 25. a3 f5 26. b4 Qf7 27. Kb2
Kc7 28. Rb3 Raa8 29. Rf3 Qe8 30. Rh1 b6 31. Qc2 bxc5 32. dxc5 g5 33. hxg6 Qxg6
34. Nh5 Qg4 35. Qf2 Nxb4 36. Rh4 Rd2+ 37. Qxd2 Qxh4 38. Qd6+ Kb7 39. Qd7+ Kb8
40. Rg3 1-0

[Event "M.Botvinnik Memorial 2012"]
[Site "St. Petersburg, Russia"]
[Date "2012.08.27"]
[Round "3.10"]
[White "Matsenko, Sergei"]
[Black "Fedorov, Alexei"]
[Result "1/2-1/2"]
[WhiteElo "2468"]
[BlackElo "2579"]
[PlyCount "67"]
[EventDate "2012.08.25"]

1. e4 c5 2. Nf3 e6 3. d4 cxd4 4. Nxd4 a6 5. Bd3 Bc5 6. Nb3 Be7 7. Qg4 g6 8. Qe2
d6 9. O-O Nd7 10. N1d2 Ngf6 11. Nc4 O-O 12. a4 d5 13. exd5 exd5 14. Ne5 Re8 15.
Nxd7 Bxd7 16. Bg5 h6 17. Bxh6 Ng4 18. Bf4 Bf6 19. Qd2 Bxb2 20. Rab1 Qf6 21. Nc5
Bc6 22. Bg3 Be5 23. Qb4 Bxg3 24. fxg3 Qe7 25. Qxg4 Qxc5+ 26. Kh1 Re6 27. Rb4
Re4 28. Qf3 Qxb4 29. Qxf7+ Kh8 30. Qxg6 Rf8 31. Qh6+ Kg8 32. Qg6+ Kh8 33. Qh6+
Kg8 34. Qg6+ 1/2-1/2

[Event "M.Botvinnik Memorial 2012"]
[Site "St. Petersburg, Russia"]
[Date "2012.08.27"]
[Round "3.11"]
[White "Chekhov, Sergei"]
[Black "Yemelin, Vasily"]
[Result "1/2-1/2"]
[WhiteElo "2444"]
[BlackElo "2579"]
[PlyCount "79"]
[EventDate "2012.08.25"]

1. e4 e5 2. Nf3 Nc6 3. d4 exd4 4. Nxd4 Nf6 5. Nxc6 bxc6 6. e5 Qe7 7. Qe2 Nd5 8.
c4 Nb6 9. Nc3 Bb7 10. Bd2 g6 11. O-O-O Bg7 12. f4 O-O 13. h4 Ba6 14. Qe4 f5 15.
exf6 Qxf6 16. c5 Bxf1 17. cxb6 Rae8 18. Qb4 Bxg2 19. Rhg1 Bh3 20. bxc7 Bf5 21.
h5 Qd4 22. Qb3+ d5 23. hxg6 hxg6 24. Rge1 Rxe1 25. Rxe1 Rc8 26. Be3 Qd3 27.
Bxa7 Rxc7 28. Bc5 Rb7 29. Re8+ Kh7 30. Qd1 Qh3 31. Bd4 Qh2 32. Ne2 Rb4 33. Re7
Rc4+ 34. Bc3 d4 35. Nxd4 Qxf4+ 36. Qd2 Qf1+ 37. Qd1 Qf4+ 38. Qd2 Qf1+ 39. Qd1
Qf4+ 40. Qd2 1/2-1/2

[Event "M.Botvinnik Memorial 2012"]
[Site "St. Petersburg, Russia"]
[Date "2012.08.27"]
[Round "3.12"]
[White "Malakhov, Igor"]
[Black "Lintchevski, Daniil"]
[Result "0-1"]
[WhiteElo "2442"]
[BlackElo "2558"]
[PlyCount "106"]
[EventDate "2012.08.25"]

1. e4 c6 2. d4 d5 3. e5 Bf5 4. Be3 e6 5. Nd2 Nd7 6. Ngf3 h6 7. Be2 Bh7 8. c4
Ne7 9. c5 Nf5 10. b4 Be7 11. b5 Nxe3 12. fxe3 O-O 13. O-O f6 14. exf6 Bxf6 15.
Qa4 Qc7 16. Nb3 e5 17. bxc6 bxc6 18. dxe5 Nxe5 19. Nbd4 Rae8 20. Rae1 Ng4 21.
Qxc6 Qxc6 22. Nxc6 Nxe3 23. Rf2 Ng4 24. Rff1 Ne3 25. Rf2 Ng4 26. Rff1 Bc3 27.
Rc1 Bb2 28. Rce1 Ba3 29. Nfd4 Rxf1+ 30. Kxf1 Ne3+ 31. Kf2 Nc2 32. Rd1 Bxc5 33.
Bf3 Be4 34. Kg3 Bxf3 35. gxf3 Nxd4 36. Nxd4 Kf7 37. f4 Bxd4 38. Rxd4 Ke6 39.
Ra4 Re7 40. Ra6+ Kf5 41. Kf3 Rc7 42. Ke3 d4+ 43. Kxd4 Kxf4 44. Rg6 Rd7+ 45. Kc5
Kf5 46. Ra6 Kg4 47. Kc6 Rf7 48. Ra3 g5 49. Kd5 h5 50. Ke6 Rb7 51. Kf6 Kh4 52.
Kf5 g4 53. Kg6 Rb6+ 0-1

[Event "M.Botvinnik Memorial 2012"]
[Site "St. Petersburg, Russia"]
[Date "2012.08.27"]
[Round "3.13"]
[White "Popov, Valerij"]
[Black "Alekseenko, Kirill"]
[Result "1-0"]
[WhiteElo "2557"]
[BlackElo "2430"]
[PlyCount "113"]
[EventDate "2012.08.25"]

1. Nf3 d5 2. g3 c5 3. Bg2 Nc6 4. d4 e6 5. O-O Qb6 6. dxc5 Bxc5 7. Nc3 Be7 8. e4
d4 9. Ne2 e5 10. c3 dxc3 11. Nxc3 Nf6 12. Nd5 Qd8 13. Qa4 Bd7 14. Qb3 O-O 15.
Rd1 Nxd5 16. exd5 Na5 17. Qd3 Bd6 18. Ng5 g6 19. Ne6 fxe6 20. dxe6 Bxe6 21.
Qxd6 Qf6 22. Bh6 Nc4 23. Qxe6+ Qxe6 24. Bd5 Qxd5 25. Rxd5 Rfd8 26. Rad1 Rxd5
27. Rxd5 Nxb2 28. Rb5 Nc4 29. Rxb7 Nd6 30. Rg7+ Kh8 31. Rd7 Nf5 32. Bg5 Kg8 33.
Bf6 h5 34. Bxe5 Re8 35. Bf4 a6 36. Ra7 Re6 37. Kg2 Nd4 38. a4 Nc2 39. h3 Ne1+
40. Kf1 Nc2 41. Bd2 Rd6 42. Bh6 Nd4 43. Rg7+ Kh8 44. Rb7 Kg8 45. Bf4 Rc6 46. a5
Ne6 47. Be3 Kf8 48. Bb6 Rc1+ 49. Kg2 Nc5 50. Ra7 Nd3 51. Kf3 Nb4 52. Kf4 Rc6
53. Kg5 Kg8 54. Kh6 Nd5 55. Rg7+ Kf8 56. Rxg6 Rf6 57. Bd4 1-0